Đánh giá trình độ luyện tập thể thao

Trình bày những khía cạnh và những yếu tố của trình độ luyện tập. Phương pháp luận của việc thử nghiệm trình độ luyện tập như: Phương pháp sư phạm, phương pháp tâm lý, phương pháp y học. Giới thiệu phương pháp quan sát sư phạm - y học và tự kiểm tra trong luyện tập...

Celý popis

Uloženo v:
Podrobná bibliografie
Hlavní autor: Aulic, I. V.
Médium: Kniha
Jazyk:Vietnamese
Vydáno: H. Thể dục thể thao 1982
Témata:
Tagy: Přidat tag
Žádné tagy, Buďte první, kdo otaguje tento záznam!
Thư viện lưu trữ: Mạng thư viện Đại học Đà Nẵng
LEADER 01522nam a22003738a 4500
001 000009552
003 5749
005 20120328100331.0
008 111028s1982 b 000 0 od
020 |c 3200đ  |d 4300b 
041 0 |a dịch liên xô 
041 0 |a vie 
082 |a 796.07  |b AU-I 
084 |a 7A.06  |b Đ000á 
100 1 |a Aulic, I. V. 
245 1 0 |a Đánh giá trình độ luyện tập thể thao  |c I. V. Aulic 
260 |a H.  |b Thể dục thể thao  |c 1982 
300 |a 120tr  |c 19cm 
520 |a Trình bày những khía cạnh và những yếu tố của trình độ luyện tập. Phương pháp luận của việc thử nghiệm trình độ luyện tập như: Phương pháp sư phạm, phương pháp tâm lý, phương pháp y học. Giới thiệu phương pháp quan sát sư phạm - y học và tự kiểm tra trong luyện tập 
653 |a Trình độ luyện tập 
653 |a phương pháp đánh giá 
653 |a vận động viên 
653 |a thể thao 
910 |a Nguyễn Thị Kim Oanh  |d 28/10/2011 
OWN |a LSP 
AVA |a UDN50  |b LSP  |d 796.07 AU-I  |e available  |t Error 5001 Not defined in file expand_doc_bib_avail.  |f 3  |g 2  |h N  |i 0  |k 1 
999 |a From the UDN01 
AVA |a UDN50  |b LSP  |d 796.07 AU-I  |e available  |t Error 5001 Not defined in file expand_doc_bib_avail.  |f 3  |g 2  |h N  |i 0  |k 1 
TYP |a Monograph 
TYP |a Printed language 
980 |a Mạng thư viện Đại học Đà Nẵng